| 000 | 01112nam a2200313 a 4500 | ||
|---|---|---|---|
| 001 | 000111703 | ||
| 003 | CHAP | ||
| 005 | 20220329144225.0 | ||
| 008 | 150721s2014 mx a |rm |0|||||spa d | ||
| 010 | _a108164 | ||
| 011 | _a109136 | ||
| 040 | _cCHAP | ||
| 090 | _aTesis | ||
| 100 | 1 |
_aSegura Alfaro, Jonathan _9129654 |
|
| 245 | 1 | 0 |
_aIncidencia y severidad de la pudrición de raíz (Armillaria mexicana Elias) del duraznero en el sur-oeste del Estado de México / _cpor Jonathan Seguera Alfaro. |
| 260 |
_aCocula, Gro. : _bEl autor, _c2014. |
||
| 300 |
_aviii, 101 h. : _bil., cuadrs. |
||
| 502 | _aTesis (Ing. Agr. Fitotecnista) -- CSAEGRO. Centro de Estudios Profesionales | ||
| 590 |
_aE5995AHE _b05 _c20150721 _lUCH01 _h1107 |
||
| 590 |
_aE5995AHE _b05 _c20150721 _lUCH01 _h1251 |
||
| 590 |
_aE5995AHE _b05 _c20150721 _lUCH01 _h1328 |
||
| 590 |
_aE5995AHE _b05 _c20150721 _lUCH01 _h1418 |
||
| 650 | 1 | 4 |
_aArboles frutales _xEnfermedades _96674 |
| 650 | 1 | 4 |
_aDurazno _xEnfermedades por hongos. _934595 |
| 650 | 1 | 4 |
_aPudrición de la raíz _xDurazno. _9129659 |
| 901 | _aBK | ||
| 942 | _cTESIS | ||
| 942 | _n0 | ||
| 999 |
_c108164 _d108164 |
||